Ekonomik durum raporu '95 (Record no. 9207)

MARC details
000 -BAŞLIK
Sabit Uzunlukta Kontrol Alanı 01067na a2200337 4500
001 - KONTROL NUMARASI
Denetim Alanı 22469
003 - KONTROL NUMARASI IDENTIFIER
Denetim Alanı MIRAKIL
005 - SON İŞLEM TARİHİ VE ZAMANI
Denetim Alanı 20181213155238.0
008 - SABİT-BOY VERİ ELEMANLARI - GENEL BİLGİLER
Sabit Uzunlukta Kontrol Alanı 170224b tu 000 0
040 ## - KATALOGLAMA KAYNAK
Orijinal Kataloglama Ajansı Milas
Kataloglama Dili tur
Metne Dönüştürmek Ajansı TR-AnCHP
041 ## - DİL KODU
Metin / Ses Parça Veya Ayrı Başlığın Dil Kodu tur
082 ## - DEWEY ONLU SINIFLANDIRMA NUMARASI
Sınıflandırma Numarası CHP 330.9561
Ürün Numarası C36e 1995
090 ## - SINIFLAMA NUMARASI
Sınıflama Numarası CHP 330.9561 C36e 1995
091 ## - MICROFILM RAF YER (AM) [OBSOLETE]
Mikrofilm Raf Yeri EKONOMİ 1
110 ## - ANA GİRİŞ - KURUMSAL ADI
Giriş Elemanı Olarak Kurumsal Ad Veya Yargı Alanı Adı Cumhuriyet Halk Partisi (CHP)
Alt Birim Araştırma ve Proje Merkezi (APM)
222 ## - ANAHTAR ADI
Anahtar Başlık Ekonomi raporları
245 ## - BAŞLIK TABLOSU
Başlık Ekonomik durum raporu '95
Sorumluluk Tablosu, Vb Cumhuriyet Halk Partisi Merkez Araştırma ve Proje Merkezi (CHP/APM)
246 ## - UNVAN FORM VARYING
Başlık Doğru / Kısa Başlığı Ekonomik durum raporu: 1995
246 ## - UNVAN FORM VARYING
Başlık Doğru / Kısa Başlığı Ekonomi raporu
260 ## - YAYIN, DAĞITIM, VB
Yayın, Dağıtım, Vb Yeri Ankara
Yayıncı, Dağıtıcı, Vs Adı CHP
Yayın, Dağıtım, Vb Tarihi 1995
300 ## - FİZİKSEL TANIM
Kapsam 16 yaprak
Boyutlar 30 sm.
440 ## - SERİSİ TABLOSU / KATMA GİRİŞİ - BAŞLIK
Başlık Cumhuriyet Halk Partisi yayınları
Bir İşin Parçası / Bölümün İsmi Raporlar
490 ## - SERİSİ TABLOSU
Seri Beyanı Araştırma ve Proje Merkezi (APM)
610 ## - KONU KATMA GİRİŞ - TOPLANTI ADI
Giriş Elemanı Olarak Kurumsal Ad Veya Yargı Alanı Adı CHP
Genel Alt Bölüm Ekonomik durum, 1995
Kronolojik Alt Bölüm Raporlar
610 ## - KONU KATMA GİRİŞ - TOPLANTI ADI
Giriş Elemanı Olarak Kurumsal Ad Veya Yargı Alanı Adı CHP
Genel Alt Bölüm Ekonomi
Kronolojik Alt Bölüm Raporlar
740 ## - KATMA GİRİŞ - KONTROLSUZ İLGİLİ / ANALİTİK BAŞLIK
Kontrol Edilmeyen / İlgili Analitik Başlıktaki Ekonomi raporları
830 ## - SERİSİ EKLENDİ GİRİŞ - ÜNİFORM ADI
Üniforma Başlık CHP raporları
942 ## - EKLENDİ GİRİŞ ELEMANLARI (KOHA)
Sınıflandırma Veya Raf Düzeni Kaynak
Koha Öğesi Türü Books
999 ## - SİSTEM KONTROL NUMARALARI (KOHA)
Koha Biblionumber 9207
Koha Biblioitemnumber 9207
657 ## - INDEX SÜRE - İŞLEVİ
-- CHP ekonomi raporu
Holdings
Kalıcı Konum Mevcut Konum Edinme Tarihi Edinim Kaynak Seri Numaralandırma / Kronolojik Toplam Check-Out'Lar Tam Çağrı Numarası Barkod Tarih Son Görülme İtibaren Geçerli Fiyatlar Sigara Kamu Notu Koha Öğesi Türü
CHP Kütüphanesi CHP Kütüphanesi 02/14/2017 Bağış c.6   CHP 330.9561 C36e 1995 016511 02/14/2017 02/14/2017 Spirallı Books